000 00751nam a2200253Ia 4500
005 20220316235944.0
008 141017s1994 sp a gr 000 0 spa
020 _a8426329365
041 0 _aspa
082 0 4 _a323.4
_bB76a
100 1 _aBronson, Marsha
245 1 0 _aAmnistía internacional
_cMarsha Bronson
250 _aPrimera edición
300 _a64 páginas
_bilustraciones
_c22 cm
650 1 4 _aAmnistía internacional
_2LEMB
650 1 4 _aOrganismos internacionales
_2LEMB
650 1 4 _aDerecho civil
_2LEMB
942 _2ddc
_cBK
264 _aZaragoza
_bEdelvives
_c1994
336 _atexto
_btxt
_2rdacontent
337 _asin mediación
_bn
_2rdamedia
338 _avolumen
_bnc
_2rdacarrier
040 _aCO-BoRNBP
_bspa
_erda
_cCO-BoRNBP
999 _c2719
_d2719